| 000 | 00476pab a2200181 454500 | ||
|---|---|---|---|
| 008 | 180718b2011 xxu||||| |||| 00| 0 eng d | ||
| 100 | _aKuriyakose, Sheeja | ||
| 245 | _aState reorganisation and regional imbalances in India | ||
| 260 | _c2011 | ||
| 300 | _ap.191-205. | ||
| 362 | _aApr-Jun | ||
| 650 | _aRegionalism - India | ||
| 650 | _aAdministrative reforms - India | ||
| 650 | _aAdministrative reforms | ||
| 773 | _aSocial Action | ||
| 908 | _aN | ||
| 909 | _a91533 | ||
| 999 |
_c91533 _d91533 |
||